000 00365 a2200169 4500
001 69247
020 _a8530500563
040 _cAnchieta - Itaigara
100 _aBraga, Rubem
240 1 0 _aO menino e o tuim
_lpor
245 1 0 _aO menino e o tuim
300 _a15
362 0 _a1986
440 1 _aQuinteto
650 4 _aLiteratura infanto-juvenil
942 _cBK
999 _c69247
_d69247